[Event "FIN-ch 2018"]
[Site "Helsinki"]
[Date "2018.06.18"]
[Round "8"]
[White "Luukkonen, Tommi"]
[Black "Jarvenpaa, Jari"]
[Result "0-1"]
[WhiteElo "2349"]
[BlackElo "2310"]
[Annotator "NA RC"]
[PlyCount "31"]
[EventDate "2018.06.13"]
[EventType "tourn"]
[EventCountry "FIN"]
[SourceTitle "playchess.com"]
[Source "ChessBase"]
[SourceQuality "1"]
[TimeControl "40/5400+30:1800+30"]

{[%evp 16,29,0,-8,44,-226,-230,-237,-243,-340,-328,32767,32767,32767,32767,-818]} 1. e4 {[%emt 0:01:59]} c6 {[%emt 0:00:38]} 2. Nc3 {[%emt 0:00:28]} d5 {[%emt 0:00:10]} 3. Nf3 {[%emt 0:00:05]} dxe4 {[%emt 0:00:16]} 4. Nxe4 {[%emt 0:00:06]} Nf6 {[%emt 0:00:07]} 5. Qe2 {[%emt 0:01:18]} Bf5 {[%emt 0:03:03]} 6. Nxf6+ {[%emt 0:06:59]} gxf6 {[%emt 0:00:02]} 7. b3 {[%emt 0:00:31]} e6 {[%emt 0:02:52]} 8. Bb2 {[%emt 0:01:25]} Nd7 {[%emt 0:01:26]} (8... Bxc2 $17 9. Qc4 Bg6) 9. Nd4 {[%emt 0:00:49]} Qa5 {[%emt 0:04:05]} (9... Bg6 $11) 10. O-O-O $2 {[%emt 0:13:40]} (10. Nxf5 $14 Qxf5 11. O-O-O) 10... Qxa2 {[%emt 0:09:13]} 11. b4 {[%emt 0:00:56]} ({Aber nicht} 11. Nxf5 $2 Ba3 $19) 11... Bxb4 {[%emt 0:05:06]} 12. Qe3 {[%emt 0:02:29]} Bg6 {[%emt 0:03:04]} 13. f4 {[%emt 0:01:49]} O-O-O {[%emt 0:06:59]} 14. g4 {[%emt 0:05:41]} Be4 {[%emt 0:08:52]} 15. Rg1 $19 {[%emt 0:08:13]} ({Avoid the trap} 15. Qxe4 $2 Ba3) (15. Bc4 $142 Qxc4 16. d3) 15... Nc5 {[%emt 0:07:35]} 16. Ne2 {[%emt 0:00:27]} 0-1

[Event "FIN-ch 2018"]
[Site "Helsinki"]
[Date "2018.06.18"]
[Round "8"]
[White "Keinanen, Toivo"]
[Black "Koykka, Pekka"]
[Result "1-0"]
[WhiteElo "2341"]
[BlackElo "2345"]
[Annotator "NA"]
[PlyCount "57"]
[EventDate "2018.06.13"]
[EventType "tourn"]
[EventCountry "FIN"]
[SourceTitle "playchess.com"]
[Source "ChessBase"]
[SourceQuality "1"]
[TimeControl "40/5400+30:1800+30"]

1. Nf3 {[%emt 0:00:00]} c5 {[%emt 0:05:12]} 2. c4 {[%emt 0:02:39]} Nc6 {[%emt 0:01:34]} 3. g3 {[%emt 0:00:36]} g6 {[%emt 0:00:15]} 4. Bg2 {[%emt 0:00:38]} Bg7 {[%emt 0:00:07]} 5. Nc3 {[%emt 0:00:55]} d6 {[%emt 0:00:28]} 6. a3 {[%emt 0:02:05]} e6 {[%emt 0:01:42]} 7. O-O {[%emt 0:11:16]} Nge7 {[%emt 0:01:10] LiveBook: 101 Games} 8. d3 {[%emt 0:03:22]} O-O {[%emt 0:01:00]} 9. Bg5 {[%emt 0:00:10]} h6 {[%emt 0:05:56]} 10. Bd2 {[%emt 0:00:28]} d5 {[%emt 0:23:05]} 11. Rb1 {[%emt 0:04:05]} dxc4 {[%emt 0:18:27]} (11... a5 $11) 12. dxc4 {[%emt 0:00:21]} Na5 {[%emt 0:04:24]} 13. b3 {[%emt 0:03:03]} Nac6 {[%emt 0:16:16]} 14. Qc1 {[%emt 0:06:20]} Kh7 {[%emt 0:00:31]} 15. Rd1 $16 {[%emt 0:01:37]} Nd4 {[%emt 0:05:29]} 16. b4 {[%emt 0:10:59]} Nec6 {[%emt 0:00:37]} 17. bxc5 {[%emt 0:03:33]} Qe7 {[%emt 0:06:46]} 18. Nxd4 {[%emt 0:01:56]} Nxd4 {[%emt 0:00:11]} 19. e3 {[%emt 0:01:01]} Nc6 {[%emt 0:00:19]} 20. Ne4 {[%emt 0:01:41]} Qc7 {[%emt 0:01:12]} 21. Nd6 {[%emt 0:03:36]} e5 {[%emt 0:00:32]} 22. Bc3 {[%emt 0:04:52]} Nd8 {[%emt 0:03:15]} 23. Qb2 {[%emt 0:04:29]} Bf5 {[%emt 0:02:11]} 24. Nxf5 {[%emt 0:01:26]} gxf5 {[%emt 0:00:06]} 25. Qc2 {[%emt 0:00:27]} e4 {[%emt 0:01:08]} 26. Rd5 {[%emt 0:01:44]} Ne6 {[%emt 0:00:22]} 27. Rxf5 {[%emt 0:01:14]} Bxc3 {[%emt 0:00:21]} 28. Bxe4 {[%emt 0:02:31]} Bg7 {[%emt 0:00:22]} 29. Rxf7+ {[%emt 0:00:29]} 1-0

[Event "FIN-ch 2018"]
[Site "Helsinki"]
[Date "2018.06.19"]
[Round "9"]
[White "Karttunen, Mika"]
[Black "Keinanen, Toivo"]
[Result "1-0"]
[WhiteElo "2466"]
[BlackElo "2341"]
[Annotator "TA"]
[PlyCount "125"]
[EventDate "2018.06.13"]
[EventType "tourn"]
[EventCountry "FIN"]
[SourceTitle "playchess.com"]
[Source "ChessBase"]
[SourceQuality "1"]

{[%evp 23,125,29,25,23,38,40,31,23,35,-10,-14,-27,-25,-27,-31,-31,-29,-20,2,-21,-27,-9,-17,-77,0,0,0,-17,-13,-35,0,-71,-66,-59,-65,-107,-101,-111,-86,-122,-55,-112,17,17,17,17,30,17,17,18,14,16,42,35,41,40,35,0,18,18,30,14,11,20,33,40,79,73,80,69,99,92,110,79,230,216,380,380,364,364,339,350,551,562,562,550,550,521,495,484,599,599,2031,1297,29967,29968,29965,29959,29972,29973,29973,29973,29973,29965]} 1. e4 e6 2. d4 d5 3. Nc3 Nf6 4. Bg5 dxe4 5. Nxe4 Be7 6. Bxf6 gxf6 7. Nf3 f5 8. Nc3 a6 {C13: French: Classical System: 4 Bg5 Be7, Alekhine-Chatard Attack} 9. Qe2 (9. Qd2 b5 10. O-O-O b4 11. Na4 Qd5 12. b3 Bd7 13. Bc4 Qd6 14. d5 e5 15. Rhe1 e4 16. Nd4 {1-0 (40) Carlsen,M (2832)-Grischuk,A (2750) chess.com INT 2017}) 9... b5 10. O-O-O b4 11. Na4 Qd5 12. b3 Nd7 {LiveBook: 4 Games} 13. Qd2 Bb7 14. Bc4 Qd6 {[#]} 15. d5 $146 {aiming for dxe6.} ({Predecessor:} 15. Qe2 Nb6 16. Nxb6 cxb6 {½-½ (33) Pridorozhni,A (2519)-Looshnikov,N (2469) Tyumen 2014}) 15... e5 {Black wants to play ...Rg8.} 16. Kb1 O-O-O 17. Ng5 Rdf8 18. h4 h6 19. Nf3 Bf6 20. c3 bxc3 21. Qxc3 Rhg8 22. g3 Kb8 23. Qc2 (23. Qa5 $11 {remains equal.}) 23... Bc8 ({Black should try} 23... Nb6 $17) 24. Qxf5 $11 Nb6 $36 {[%mdl 2048] Black has the initiative.} 25. Qc2 Nxa4 26. bxa4 Qb6+ 27. Qb3 (27. Bb3 $11) 27... Bf5+ $17 28. Kc1 Be4 $1 29. Be2 Ka7 $1 30. Qxb6+ cxb6 31. d6 Rd8 (31... Rc8+ $17 32. Kd2 Rgd8) 32. Kd2 (32. Rhe1 $15) 32... Rxd6+ ({Black should play} 32... Bb7 $17 {Hoping for ...e4.} 33. Ke1 Rg4) 33. Ke3 $11 Rxd1 $1 34. Rxd1 Bf5 $1 35. Rc1 {Black must now prevent Rc7+.} Kb7 36. Bc4 {Threatens to win with Bd5+.} Rd8 37. Bxf7 Rd3+ 38. Ke2 {And now Be6! would win.} e4 39. Ne1 Rd7 40. Bc4 Bd4 41. Ng2 Bg4+ 42. Kf1 Bc5 43. Ne3 Bxe3 44. fxe3 {[%mdl 4096] Endgame KRB-KRB} Rd6 45. Be2 Rf6+ 46. Ke1 Bxe2 47. Kxe2 $14 {KR-KR} Rf3 48. Rg1 $1 Kc6 $2 {[#]} (48... Kc7 $16) 49. g4 $1 $18 {[%cal Bg3g4,Bg4g5][%mdl 32]} Rh3 $2 {[#]} (49... Kd6 50. g5 hxg5) 50. g5 $1 {[%cal Rg5g6]} Rh2+ 51. Ke1 hxg5 52. hxg5 {[%cal Bh4g5,Bg5g6,Bg6g7][%mdl 32]} Kc5 (52... Rh7 $142 53. g6 Rg7) 53. g6 Rh8 54. g7 Rg8 55. Rg4 Kb4 56. Rxe4+ Ka3 57. Rg4 Kxa2 58. e4 {[%cal Be3e4,Be4e5,Be5e6][%mdl 32]} b5 59. axb5 {White mates.} axb5 60. e5 b4 61. Rxb4 Rxg7 62. Re4 Kb3 63. e6 {Precision: White = 67%, Black = 44%.} 1-0

[Event "FIN-ch 2018"]
[Site "Helsinki"]
[Date "2018.06.19"]
[Round "9"]
[White "Koykka, Pekka"]
[Black "Sipila, Vilka"]
[Result "1-0"]
[WhiteElo "2345"]
[BlackElo "2383"]
[Annotator "NA"]
[PlyCount "77"]
[EventDate "2018.06.13"]
[EventType "tourn"]
[EventCountry "FIN"]
[SourceTitle "playchess.com"]
[Source "ChessBase"]
[SourceQuality "1"]
[TimeControl "40/5400+30:1800+30"]

1. d4 {[%emt 0:00:00]} Nf6 {[%emt 0:02:40]} 2. Nf3 {[%emt 0:00:00]} g6 {[%emt 0:00:06]} 3. Bf4 {[%emt 0:00:00]} Bg7 {[%emt 0:00:05]} 4. e3 {[%emt 0:00:09]} O-O {[%emt 0:00:08]} 5. Be2 {[%emt 0:00:28] LiveBook: 1085 Games} d6 {[%emt 0:01:40]} 6. O-O {[%emt 0:06:48]} Nh5 {[%emt 0:03:15]} 7. Bg5 {[%emt 0:00:51]} h6 {[%emt 0:00:11]} 8. Bh4 {[%emt 0:00:05]} g5 {[%emt 0:00:05]} 9. Nfd2 {[%emt 0:01:00]} gxh4 {[%emt 0:06:14]} 10. Bxh5 {[%emt 0:00:08]} e5 {[%emt 0:00:11]} 11. c3 {[%emt 0:01:36]} Nd7 {[%emt 0:06:58]} 12. Bf3 {[%emt 0:02:41]} Kh8 {[%emt 0:08:28]} 13. Na3 {[%emt 0:07:14]} f5 $11 {[%emt 0:03:31]} 14. dxe5 {[%emt 0:11:34]} Nxe5 {[%emt 0:03:36]} 15. Be2 {[%emt 0:06:19]} f4 {[%emt 0:02:08]} 16. exf4 {[%emt 0:05:02]} Rxf4 {[%emt 0:00:10]} 17. Nac4 {[%emt 0:00:56]} Nxc4 {[%emt 0:11:03]} 18. Nxc4 {[%emt 0:00:20]} Qg5 {[%emt 0:00:59]} 19. Ne3 {[%emt 0:02:23]} Be5 {[%emt 0:01:41]} 20. Qd3 {[%emt 0:26:53]} Be6 {[%emt 0:09:53]} 21. g3 {[%emt 0:07:08]} hxg3 {[%emt 0:26:06]} 22. hxg3 {[%emt 0:03:24]} Rh4 {[%emt 0:08:04]} 23. Ng2 {[%emt 0:01:30]} Rh3 {[%emt 0:00:03]} 24. f4 {[%emt 0:01:40]} Qg8 {[%emt 0:04:41]} 25. fxe5 {[%emt 0:08:43]} Rxg3 {[%emt 0:00:04]} 26. Bf3 {[%emt 0:00:12]} Rf8 {[%emt 0:00:58]} 27. Qd2 {[%emt 0:02:03]} Qg7 {[%emt 0:00:30]} 28. Bxb7 {[%emt 0:01:28]} d5 {[%emt 0:00:29]} 29. Rxf8+ {[%emt 0:00:30]} Qxf8 {[%emt 0:00:01]} 30. Rf1 {[%emt 0:00:52]} Qg7 {[%emt 0:01:01]} 31. Rf6 {[%emt 0:00:49]} Rg6 {[%emt 0:00:30]} 32. Bxd5 {[%emt 0:01:08]} Rxf6 {[%emt 0:00:29]} 33. exf6 {[%emt 0:00:13]} Qxf6 {[%emt 0:00:02]} 34. Bxe6 {[%emt 0:00:52]} Qxe6 {[%emt 0:00:01]} 35. Qd8+ {[%emt 0:00:39]} Kg7 {[%emt 0:00:03]} 36. Qxc7+ {[%emt 0:00:07]} Kf6 {[%emt 0:00:02]} 37. Qxa7 {[%emt 0:00:26]} h5 {[%emt 0:00:03]} 38. Qd4+ {[%emt 0:00:12]} Kg5 {[%emt 0:00:04]} 39. Qe3+ {[%emt 0:00:25]} 1-0

[Event "FIN-ch 2018"]
[Site "Helsinki"]
[Date "2018.06.19"]
[Round "9"]
[White "Niemi, Kalle"]
[Black "Sammalvuo, Tapani"]
[Result "1/2-1/2"]
[WhiteElo "2336"]
[BlackElo "2435"]
[Annotator "TA"]
[PlyCount "117"]
[EventDate "2018.06.13"]
[EventType "tourn"]
[EventCountry "FIN"]
[SourceTitle "playchess.com"]
[Source "ChessBase"]
[SourceQuality "1"]

{[%evp 17,117,35,45,45,41,41,39,33,38,5,29,0,0,0,0,-6,0,0,0,0,0,-5,-5,-5,-5,-32,-32,-32,-32,-33,-33,-68,-41,-41,0,-38,-50,-25,-29,-50,-50,-50,-50,-50,-50,-50,-50,-50,-12,-12,-12,-50,-12,-12,-12,-12,-12,-12,-12,-12,-12,-12,-14,-19,-19,-19,-7,-14,-17,-17,-17,-26,0,0,0,0,0,0,0,0,0,0,0,0,0,0,0,0,0,0,0,0,0,0,0,0,0,0,0,0,0,0]} 1. e4 c5 2. Nf3 e6 3. d4 cxd4 4. Nxd4 Nc6 5. Nc3 Qc7 6. Qd3 {B47: Sicilian: Taimanov: 5 Nc3 Qc7 6 f4, 6 g3 and 6 Be2} (6. Be3 a6 7. Qf3 Nf6 8. O-O-O Ne5 9. Qg3 b5 10. a3 Bb7 11. Bxb5 Rc8 12. Ba4 Nxe4 13. Nxe4 Bxe4 14. Bf4 Qc4 15. Bxe5 Qxa4 {1-0 (38) Vachier Lagrave,M (2789)-Anand,V (2776) Karlsruhe/Baden-Baden 2018}) 6... a6 7. Nxc6 dxc6 8. Qg3 Qxg3 9. hxg3 e5 {LiveBook: 7 Games} 10. Na4 Be6 11. Be3 Nf6 12. f3 Nd7 13. O-O-O $146 ({Predecessor:} 13. Nb6 Rd8 {½-½ (31) Rajkovic,M (2327)-Pikula,D (2441) Belgrade 2016}) 13... Be7 14. Kb1 O-O-O 15. Be2 b5 16. Nb6+ Nxb6 17. Bxb6 Rxd1+ 18. Rxd1 Bd8 19. Bxd8 Rxd8 20. Rxd8+ Kxd8 $11 {[%mdl 4096] Endgame KB-KB} 21. a3 (21. c4 $5) 21... Kc7 22. Kc1 c5 23. Kd2 Kb6 24. c3 Ka5 25. Bd1 b4 26. cxb4+ cxb4 27. Be2 Bc8 28. axb4+ Kxb4 29. g4 Kb3 30. Kc1 f6 31. Bd1+ Kc4 32. Be2+ Kd4 33. Kd2 a5 34. Bb5 Be6 35. Be2 Bb3 36. Bb5 Bf7 37. Be2 h6 38. Bd3 Be8 39. Be2 Bd7 40. Bd3 Bc8 41. Be2 g6 42. Bd3 Be6 43. Be2 Bb3 44. Bd3 h5 45. gxh5 {The position is equal.} gxh5 46. g3 Bd1 47. Be2 Bxe2 48. Kxe2 {KP-KP} Kc4 {[#] White must now prevent ...Kb3.} (48... a4 $5) 49. Kd2 $1 Kb3 (49... a4 $5) 50. Kc1 a4 51. Kb1 a3 (51... Kc4 $5 52. Kc2 $8 Kb4 $11) 52. bxa3 Kxa3 {K3P-K3P} 53. Kc2 Kb4 54. Kb2 Kc4 55. Kc2 Kd4 {[#] ...Ke3 is the strong threat.} 56. Kd2 $1 Kc4 57. Kc2 Kb4 58. Kb2 Kc4 59. Kc2 {Precision: White = 67%, Black = 79%.} 1/2-1/2

[Event "FIN-ch 2018"]
[Site "Helsinki"]
[Date "2018.06.19"]
[Round "9"]
[White "Nyysti, Sampsa"]
[Black "Luukkonen, Tommi"]
[Result "1-0"]
[WhiteElo "2322"]
[BlackElo "2349"]
[Annotator "NA"]
[PlyCount "45"]
[EventDate "2018.06.13"]
[EventType "tourn"]
[EventCountry "FIN"]
[SourceTitle "playchess.com"]
[Source "ChessBase"]
[SourceQuality "1"]
[TimeControl "40/5400+30:1800+30"]

{[%evp 18,45,55,32,50,77,100,67,56,15,86,32767,32767,32767,32767,32767,349,385,32767,32767,32767,32767,618,629,633,32767,32767,32767,865,1140]} 1. e4 {[%emt 0:00:00]} c5 {[%emt 0:00:33]} 2. Nc3 {[%emt 0:00:00]} d6 {[%emt 0:01:30]} 3. Nge2 {[%emt 0:00:00]} a6 {[%emt 0:00:30]} 4. g3 {[%emt 0:06:14]} b5 {[%emt 0:02:20]} 5. Bg2 {[%emt 0:01:10]} Bb7 {[%emt 0:00:06]} 6. O-O {[%emt 0:00:51]} Nf6 {[%emt 0:06:44]} 7. d4 {[%emt 0:03:12]} cxd4 {[%emt 0:00:45]} 8. Nxd4 {[%emt 0:00:02]} e6 {[%emt 0:05:37]} 9. Re1 {[%emt 0:01:31] B91: Sicilian Najdorf: 6 g3} Qd7 {[%emt 0:02:37]} (9... Nbd7 10. e5 Bxg2 11. exf6 Bb7 12. fxg7 Bxg7 13. Nxe6 fxe6 14. Rxe6+ Kf8 15. Rxd6 Qc8 16. Rxd7 Qc6 17. Qd5 Qxd5 18. Nxd5 Bc6 19. Rd6 Rc8 20. Nb6 Rc7 21. Bf4 Bxb2 22. Re1 Kf7 23. Rde6 {1-0 (23) Artemiev,V (2691)-Korobov,A (2652) Riadh 2017}) 10. g4 $146 {[%emt 0:13:45]} ({Predecessor:} 10. a4 b4 11. Na2 a5 12. Nb5 Nc6 13. c3 bxc3 14. Naxc3 Be7 15. Bf4 Rd8 16. Rc1 Nb4 {1-0 (30) Kalegin,E (2481)-Rychagov,A (2571) Kazan 2007}) 10... b4 {[%emt 0:05:12]} 11. Nd5 {[%emt 0:00:45]} exd5 {[%emt 0:00:40]} 12. exd5+ {[%emt 0:00:06]} Kd8 {[%emt 0:00:05]} ({Nicht} 12... Be7 $2 13. Nf5 $18) 13. Nf5 {[%emt 0:00:30]} (13. Bg5 $16) 13... h5 {[%emt 0:02:06]} (13... a5 $1 $11) 14. Bg5 {[%emt 0:06:01]} Qb5 {[%emt 0:10:55]} 15. c4 {[%emt 0:11:52]} Qa5 {[%emt 0:04:34]} 16. a3 {[%emt 0:15:15]} Nbd7 {[%emt 0:01:12]} (16... hxg4 {ist wohl besser.} 17. Qe2 Qb6) 17. axb4 {[%emt 0:01:32]} Qb6 {[%emt 0:00:51]} 18. Be3 {[%emt 0:03:33]} Qc7 {[%emt 0:00:06]} 19. g5 {[%emt 0:01:28]} g6 {[%emt 0:05:16]} 20. Nd4 {[%emt 0:00:59]} Ng4 {[%emt 0:00:58]} 21. Nc6+ {[%emt 0:02:46]} Bxc6 {[%emt 0:01:31]} 22. dxc6 {[%emt 0:00:02]} Nxe3 {[%emt 0:08:31]} 23. Rxe3 $18 {[%emt 0:00:08]} 1-0

[Event "FIN-ch 2018"]
[Site "Helsinki"]
[Date "2018.06.19"]
[Round "9"]
[White "Jarvenpaa, Jari"]
[Black "Agopov, Mikael"]
[Result "1/2-1/2"]
[WhiteElo "2310"]
[BlackElo "2436"]
[Annotator "TA"]
[PlyCount "51"]
[EventDate "2018.06.13"]
[EventType "tourn"]
[EventCountry "FIN"]
[SourceTitle "playchess.com"]
[Source "ChessBase"]
[SourceQuality "1"]

{[%evp 22,51,0,0,0,-27,-22,-24,0,0,0,-16,-15,-10,0,0,0,0,0,0,0,0,0,0,0,0,0,0,0,0,0,0]} 1. e4 {[%cal Be2e4,Be4e5][%mdl 32]} c5 2. c3 Nf6 3. e5 Nd5 4. g3 d6 5. exd6 e6 6. Bg2 Bxd6 7. Nf3 Nc6 8. O-O O-O 9. d4 cxd4 10. Nxd4 Nxd4 11. Qxd4 Qc7 12. Nd2 {[%cal Bb1d2,Bd2e4,Be4g5][%mdl 32]} Rd8 {B22: Sizilianisch (Alapin 2.c3)} 13. Ne4 Be7 14. Qd3 $146 ({Vorgänger:} 14. Qa4 a5 15. Ng5 h6 16. Nf3 b5 17. Qe4 Bf6 18. Nd4 Rb8 19. Qg4 b4 20. Bxh6 bxc3 21. bxc3 Qxc3 22. Rad1 Rb4 23. Bxg7 Bxg7 {0-1 (23) Kroeze,F (2380)-Van Wely,L (2655) Leeuwarden 1997}) 14... b6 {Schwarz hat minimalen Vorteil.} 15. Ng5 {Die Stellung ist ausgeglichen.} Nf6 16. Qe2 Bb7 17. Bf4 Bd6 18. Bxd6 ({Bitte nicht} 18. Nxe6 fxe6 19. Qxe6+ Kh8 $17) 18... Rxd6 19. Bxb7 Qxb7 20. Rad1 Rad8 21. Rxd6 Rxd6 22. Rd1 Rxd1+ 23. Qxd1 {[#] Weiss will mit Dd8+ Matt setzen.} Qa8 24. Qf3 Qc8 25. Ne4 Nxe4 26. Qxe4 {Precision: Weiß = 84%, Schwarz = 78%.} 1/2-1/2